000 01863nam a2200373 i 4500
001 768714001
003 CO-MdFUSB
005 20260406115516.0
007 ta
008 250925t2001 enk |||g |||| 00| 0 eng d
020 _a0-8308-2425-1
040 _aCO-MdFUSB
_bspa
_cCO-MdFUSB
_dCO-MdFUSBC
_erda
041 _aeng
082 _223
_a224.4
_bW947
100 _aWright, Christopher J. H.
_d1947-
_eautor
245 _aThe message of Ezekiel :
_ba new heart and a new spirit
_c/ Christopher J. H. Wright ; editado por J. A. Motyer
264 1 _aLeicester , Inglaterra :
_bInterVarsity Press,
_c[2001]
264 4 _c©2001
300 _a368 páginas
_c; 21 cm
336 _2rdacontent
_atexto
_btxt
337 _2rdamedia
_asin mediación
_bn
338 _2rdacarrier
_avolumen
_bnc
490 _aThe Bible Speaks Today
500 _aNota de resumen traducida por agencia catalogadora
520 _aEzequiel se nos presenta como un extraño, proveniente de un tiempo y un lugar lejanos. ¿Quién es este sacerdote que, en su trigésimo cumpleaños, tiene una deslumbrante visión de Dios sobre un trono con ruedas? ¿Quién es este profeta peculiar que realiza actos simbólicos extravagantes en la calle y habla en nombre de Dios sobre asuntos internacionales? ¿Quién es este vidente que pinta murales de destrucción apocalíptica y luego de un templo restaurado rebosante de símbolos del paraíso? ¿Estamos obligados a tomar esto literalmente, leyendo al profeta junto al periódico? ¿O existe una mejor manera de interpretarlo?
563 _arústico
630 0 7 _aBiblia.
_pEzequiel
_xCrítica, interpretación, etc.
653 _aEzequiel (Profeta)
653 _aProfecía bíblica — Antiguo Testamento
700 _aMotyer, J. A.
_91431
_eeditor
942 _cBK
945 _aEstudiante Juan Eusse
999 _c71469
_d71469